00309nam a22001217a 450000500170000000800410001704100120005808200120007010000130008224500380009530000290013365000250016220240805072530.0240805b |||||||| |||| 00| 0 eng d aEnglish a349 SOU lEnglish  aSouth African Law Reports: Natal  blx, 567 pages; c25 cm.  aLegal practice bLaw